[Event "Fagernes op"]
[Site "Fagernes"]
[Date "2020.10.11"]
[Round "9"]
[White "Gasland, Lukas Dominik"]
[Black "Skotheim, Havard"]
[Result "1-0"]
[WhiteElo "1320"]
[BlackElo "1394"]
[PlyCount "65"]
[EventDate "2020.10.04"]
[EventType "swiss"]
[EventRounds "9"]
[EventCountry "NOR"]
[SourceTitle "EXT 2024"]
[Source "ChessBase"]
[SourceDate "2023.10.10"]
[SourceVersion "1"]
[SourceVersionDate "2023.10.10"]
[SourceQuality "1"]

1. Nf3 Nf6 2. g3 g6 3. Bg2 Bg7 4. c4 d6 5. 0-0 0-0 6. Nc3 Nc6 7. d3 Re8 8. e4 Bg4 9. h3 Bxf3 10. Bxf3 Qc8 11. Bg2 Nd4 12. Be3 c5 13. Ne2 Nxe2+ 14. Qxe2 Rb8 15. Rab1 a6 16. b4 b5 17. Rfc1 Nd7 18. Bd2 Qd8 19. cxb5 axb5 20. Bc3 Bxc3 21. Rxc3 e6 22. bxc5 dxc5 23. Rcb3 b4 24. d4 cxd4 25. Rxb4 e5 26. f4 Rxb4 27. Rxb4 Nc5 28. fxe5 Rxe5 29. Qb2 Qe7 30. Qxd4 Qe6 31. Rb5 Nd7 32. Rd5 Nf6 33. Qxe5 1-0

[Event "Fagernes op"]
[Site "Fagernes"]
[Date "2020.10.06"]
[Round "3"]
[White "Skotheim, Havard"]
[Black "Nebell, Anne Grete"]
[Result "1-0"]
[WhiteElo "1394"]
[BlackElo "1291"]
[PlyCount "53"]
[EventDate "2020.10.04"]
[EventType "swiss"]
[EventRounds "9"]
[EventCountry "NOR"]
[SourceTitle "EXT 2024"]
[Source "ChessBase"]
[SourceDate "2023.10.10"]
[SourceVersion "1"]
[SourceVersionDate "2023.10.10"]
[SourceQuality "1"]

1. e4 e5 2. Nf3 Nf6 3. d4 Nxe4 4. Bd3 d5 5. dxe5 Bf5 6. 0-0 Be7 7. Bf4 0-0 8. Re1 Re8 9. Nbd2 Nxd2 10. Bxf5 Nxf3+ 11. Qxf3 Bg5 12. e6 fxe6 13. Bxe6+ Kh8 14. Bxd5 Nc6 15. Rxe8+ Qxe8 16. Bxg5 Qe5 17. Bxc6 bxc6 18. Qxc6 Rf8 19. h4 h6 20. Bd2 Qd4 21. Be3 Qxh4 22. Rd1 Rf5 23. Qxc7 Rh5 24. Qc8+ Kh7 25. Qh3 Qxh3 26. gxh3 Rxh3 27. Bxa7 1-0

[Event "Oslo op"]
[Site "Oslo"]
[Date "2018.10.06"]
[Round "9"]
[White "Skotheim, Havard"]
[Black "Baumann, Tobias Opdalshei"]
[Result "1-0"]
[WhiteElo "1317"]
[BlackElo "1496"]
[PlyCount "111"]
[EventDate "2018.09.30"]
[EventType "swiss"]
[EventRounds "10"]
[EventCountry "NOR"]
[SourceTitle "EXT 2020"]
[Source "ChessBase"]
[SourceDate "2019.10.17"]
[SourceVersion "1"]
[SourceVersionDate "2019.10.17"]
[SourceQuality "1"]

1. e4 e5 2. Nf3 Nc6 3. d4 exd4 4. Bc4 Nf6 5. e5 d5 6. Bb5 Nd7 7. Bxc6 bxc6 8. Qxd4 Bc5 9. Qf4 0-0 10. 0-0 h6 11. Re1 Re8 12. Qg3 Re6 13. Nbd2 Qe7 14. Nb3 Rg6 15. Qf4 Bb6 16. Bd2 Nc5 17. Nbd4 Rg4 18. Nf5 Bxf5 19. Qxf5 Rg6 20. Bb4 Qe6 21. Nd4 Qxf5 22. Nxf5 Re8 23. Kf1 Rge6 24. Nd4 Rxe5 25. Nxc6 Rxe1+ 26. Rxe1 Rxe1+ 27. Kxe1 Kh7 28. f3 Ne6 29. Kd2 g5 30. g3 Kg7 31. Kd3 f6 32. a4 Nc5+ 33. Bxc5 Bxc5 34. Nd4 Kg6 35. c4 dxc4+ 36. Kxc4 Bb6 37. b4 a5 38. b5 f5 39. Kd5 h5 40. Ne6 Kf6 41. Nc5 Kg6 42. Kc6 f4 43. gxf4 gxf4 44. Ne6 Bg1 45. h3 h4 46. Kxc7 Kf6 47. Kd6 Ba7 48. Nc5 Bb8+ 49. Kc6 Ke7 50. Nb7 Ke6 51. Nxa5 Ke5 52. Nb3 Ke6 53. a5 Ke7 54. a6 Kd8 55. Kb7 Ba7 56. Kxa7 1-0

[Event "Oslo op"]
[Site "Oslo"]
[Date "2018.10.02"]
[Round "3"]
[White "Nordtug, Per Oistein"]
[Black "Skotheim, Havard"]
[Result "0-1"]
[WhiteElo "1568"]
[BlackElo "1317"]
[PlyCount "59"]
[EventDate "2018.09.30"]
[EventType "swiss"]
[EventRounds "10"]
[EventCountry "NOR"]
[SourceTitle "EXT 2020"]
[Source "ChessBase"]
[SourceDate "2019.10.17"]
[SourceVersion "1"]
[SourceVersionDate "2019.10.17"]
[SourceQuality "1"]

1. e4 e6 2. d4 d5 3. exd5 exd5 4. Bd3 c5 5. Qe2+ Be7 6. dxc5 Nf6 7. b4 0-0 8. Bb2 Re8 9. Be5 Nc6 10. Bb5 Bd7 11. Nf3 Nxb4 12. Bxd7 Nxd7 13. 0-0 Bxc5 14. Re1 f6 15. Bxf6 Nxf6 16. Qb5 Rxe1+ 17. Nxe1 b6 18. c3 a6 19. Qa4 Qe7 20. Nd2 b5 21. Qd1 Nc6 22. Nc2 Rd8 23. Nf3 Ne4 24. Ncd4 Qf6 25. Qc2 Nxd4 26. Nxd4 Bxd4 27. cxd4 Qxd4 28. Re1 Rf8 29. Rf1 Nd2 30. Qxh7+ 0-1

[Event "Oslo op"]
[Site "Oslo"]
[Date "2018.10.02"]
[Round "4"]
[White "Skotheim, Havard"]
[Black "Wright, Haakon"]
[Result "1/2-1/2"]
[WhiteElo "1317"]
[BlackElo "1823"]
[PlyCount "109"]
[EventDate "2018.09.30"]
[EventType "swiss"]
[EventRounds "10"]
[EventCountry "NOR"]
[SourceTitle "EXT 2020"]
[Source "ChessBase"]
[SourceDate "2019.10.17"]
[SourceVersion "1"]
[SourceVersionDate "2019.10.17"]
[SourceQuality "1"]

1. e4 c5 2. Nc3 g6 3. f4 Bg7 4. Nf3 Nc6 5. Bb5 Nd4 6. 0-0 Nxb5 7. Nxb5 a6 8. Nc3 b5 9. a3 Bb7 10. d3 Nf6 11. Qe1 d5 12. e5 Ng4 13. Ne2 e6 14. c3 0-0 15. d4 cxd4 16. cxd4 a5 17. b3 Rc8 18. h3 Nh6 19. Bd2 a4 20. b4 f6 21. g4 fxe5 22. fxe5 Qb6 23. Be3 Nf7 24. Qd2 Rc4 25. Kf2 Rfc8 26. Rac1 Qd8 27. Kg3 h6 28. Qd3 g5 29. h4 gxh4+ 30. Nxh4 Ng5 31. Bxg5 Qxg5 32. Nf3 Qe7 33. Rh1 Rxc1 34. Nxc1 Bc6 35. Ne2 Qf7 36. Nf4 Kf8 37. g5 Qg8 38. Ng6+ Ke8 39. gxh6 Bh8 40. h7 Qg7 41. Ng5 Bd7 42. Rf1 Kd8 43. Rf7 Qh6 44. Rf8+ Kc7 45. Rxc8+ Kxc8 46. Ne7+ Kc7 47. Qg6 Qh1 48. Qg8 Qg1+ 49. Kh4 Qxd4+ 50. Kh5 Qxe5 51. Ng6 Qh2+ 52. Nh4 Qe5 53. Ng6 Qh2+ 54. Nh4 Qe5 55. Ng6 1/2-1/2

[Event "NOR-ch Class4"]
[Site "Sarpsborg"]
[Date "2018.07.09"]
[Round "4"]
[White "Khan, Rawas"]
[Black "Skotheim, Havard"]
[Result "1-0"]
[WhiteElo "1302"]
[BlackElo "1337"]
[PlyCount "59"]
[EventDate "2018.07.07"]
[EventType "swiss"]
[EventRounds "9"]
[EventCountry "NOR"]
[SourceTitle "EXT 2024"]
[Source "ChessBase"]
[SourceDate "2023.10.10"]
[SourceVersion "1"]
[SourceVersionDate "2023.10.10"]
[SourceQuality "1"]

1. e4 e6 2. d4 d5 3. exd5 exd5 4. Nf3 Nf6 5. Nc3 c5 6. Bg5 Be7 7. dxc5 Ne4 8. Nxe4 dxe4 9. Qxd8+ Bxd8 10. Bxd8 exf3 11. Ba5 Nc6 12. Bc3 fxg2 13. Bxg2 0-0 14. 0-0-0 Be6 15. Rhg1 f6 16. Rge1 Kf7 17. Bxc6 bxc6 18. Rd6 Bd5 19. Rd7+ Kg6 20. Rg1+ Kf5 21. Rgxg7 Rad8 22. Rxh7 Rxd7 23. Rxd7 Bf3 24. b3 Rh8 25. Rf7 Rh6 26. Rxa7 Rxh2 27. Rf7 Rxf2 28. Rxf6+ Kg4 29. a4 Kg3 30. Be1 1-0

[Event "NOR-ch Class4"]
[Site "Sarpsborg"]
[Date "2018.07.07"]
[Round "2"]
[White "Kosberg, Stian"]
[Black "Skotheim, Havard"]
[Result "0-1"]
[WhiteElo "1219"]
[BlackElo "1337"]
[PlyCount "100"]
[EventDate "2018.07.07"]
[EventType "swiss"]
[EventRounds "9"]
[EventCountry "NOR"]
[SourceTitle "EXT 2024"]
[Source "ChessBase"]
[SourceDate "2023.10.10"]
[SourceVersion "1"]
[SourceVersionDate "2023.10.10"]
[SourceQuality "1"]

1. e4 e6 2. d3 d5 3. exd5 exd5 4. Nf3 d4 5. c3 c5 6. cxd4 cxd4 7. b3 Nf6 8. Qe2+ Be7 9. Ba3 Nc6 10. Bxe7 Qxe7 11. Qxe7+ Kxe7 12. Na3 Rd8 13. Kd2 a6 14. Re1+ Kf8 15. Nc2 Bf5 16. h3 Rd5 17. g4 Bg6 18. Bg2 Rad8 19. Nh4 Re5 20. Nxg6+ hxg6 21. Rxe5 Nxe5 22. Bxb7 a5 23. Bg2 Nh7 24. f4 Nd7 25. b4 axb4 26. Nxb4 Nb6 27. Bc6 Nf6 28. Re1 Nbd5 29. Nxd5 Nxd5 30. Bxd5 Rxd5 31. Re2 Rc5 32. Ke1 Rc3 33. Rd2 Ke7 34. Kf2 Kd6 35. a4 Ra3 36. a5 Rxa5 37. Kf3 f5 38. g5 Ra8 39. Rc2 Re8 40. Re2 Rh8 41. Kg3 Ra8 42. Kf3 Ra3 43. Rd2 Kc5 44. Ke2 Kb4 45. Rb2+ Kc3 46. Rd2 Ra1 47. Rd1 Rxd1 48. Kxd1 Kxd3 49. h4 Ke3 50. Ke1 Kxf4 0-1

[Event "NOR-ch Class4"]
[Site "Lillehammer"]
[Date "2013.06.29"]
[Round "2"]
[White "Hageberg, Olav Kristian"]
[Black "Skotheim, Havard"]
[Result "0-1"]
[WhiteElo "1237"]
[BlackElo "1152"]
[PlyCount "58"]
[EventDate "2013.06.29"]
[EventType "swiss"]
[EventRounds "9"]
[EventCountry "NOR"]
[SourceTitle "EXT 2017"]
[Source "ChessBase"]
[SourceDate "2016.10.25"]
[SourceVersion "1"]
[SourceVersionDate "2016.10.25"]
[SourceQuality "1"]

1. d4 d5 2. e3 Nc6 3. a3 Nf6 4. f4 b6 5. Bd3 Bg4 6. Nf3 e6 7. Nbd2 Be7 8. 0-0 0-0 9. Qe1 Bxf3 10. Rxf3 Ng4 11. Qe2 f6 12. Rh3 Nh6 13. c3 e5 14. e4 exd4 15. exd5 dxc3 16. bxc3 Bc5+ 17. Kh1 Ne7 18. c4 b5 19. Nb3 Bd6 20. c5 Nxd5 21. Qe6+ Kh8 22. cxd6 Re8 23. Qxe8+ Qxe8 24. Bd2 cxd6 25. Re1 Qd7 26. Be4 Qf7 27. Rd3 Ng4 28. Bxd5 Qh5 29. Bxa8 Qxh2# 0-1

[Event "NOR-ch Class4"]
[Site "Lillehammer"]
[Date "2013.06.29"]
[Round "5"]
[White "Skotheim, Havard"]
[Black "Endresen, Ola Torstein"]
[Result "0-1"]
[WhiteElo "1152"]
[BlackElo "1200"]
[PlyCount "64"]
[EventDate "2013.06.29"]
[EventType "swiss"]
[EventRounds "9"]
[EventCountry "NOR"]
[SourceTitle "EXT 2017"]
[Source "ChessBase"]
[SourceDate "2016.10.25"]
[SourceVersion "1"]
[SourceVersionDate "2016.10.25"]
[SourceQuality "1"]

1. e4 d5 2. exd5 Qxd5 3. Nc3 Qd6 4. d4 Nf6 5. Bc4 c6 6. Nge2 Bg4 7. 0-0 e6 8. Qd2 Qc7 9. Re1 Nbd7 10. a3 Bd6 11. Ng3 0-0-0 12. b4 h5 13. Qg5 h4 14. Nf1 Rh5 15. Qxg7 Rg8 16. Qxf7 Rh7 17. Qxg8+ Nxg8 18. Bxe6 Bxe6 19. Rxe6 Re7 20. Rg6 Re8 21. Rg4 h3 22. g3 Ngf6 23. Rh4 Nd5 24. Ne4 N7f6 25. Nxd6+ Qxd6 26. Rxh3 Re1 27. c4 Nc3 28. Rh8+ Re8 29. Rh4 Qe6 30. Be3 Qxc4 31. Nd2 Qd5 32. Kf1 Qh1# 0-1